000 00248pab a2200109 454500
008 180718b xxu||||| |||| 00| 0 eng d
100 _aVerma, Kewal
245 _aAppropriating BJP base
650 _aBudget - India
773 _aMainstream
909 _a2512
999 _c2512
_d2512